FIBA World Cup All-Tournament Teams - Statistics

General Stats
  • This quiz has been taken 64 times
    40 since last reset
  • The average score is 29 of 45
Answer Stats
Year Position Team Player % Correct
2023 PG Germany Dennis Schroder
97%
2023 PG/SG Slovenia Luka Dončić
97%
2019 C Spain Marc Gasol
97%
2006 PF/C Spain Pau Gasol
97%
2014 PF/C Spain Pau Gasol
97%
2019 SG Serbia Bogdan Bogdanović
93%
2023 SG Serbia Bogdan Bogdanović
93%
2002 SG Argentina Manu Ginóbili
93%
2006 SG Argentina Manu Ginóbili
93%
2002 PF Germany Dirk Nowitzki
90%
2010 SF United States Kevin Durant
90%
2010 PF Argentina Luis Scola
90%
2019 PF Argentina Luis Scola
90%
2023 PG/SG Canada Shai Gilgeous-Alexander
90%
2002 C China Yao Ming
87%
2014 SF France Nicolas Batum
83%
2019 PG Spain Ricky Rubio
83%
1990 SF/PF Yugoslavia Toni Kukoč
83%
2010 SF Turkey Hidayet Türkoğlu
80%
1990 C Yugoslavia Vlade Divac
80%
2010 PG Serbia Miloš Teodosić
77%
2014 PG Serbia Miloš Teodosić
77%
2002 SF Yugoslavia Predrag Stojaković
77%
2006 SF United States Carmelo Anthony
73%
1994 C United States Shaquille O'Neal
73%
2019 SF France Evan Fournier
70%
1998 SG/SF Yugoslavia Dejan Bodiroga
67%
2023 SF United States Anthony Edwards
63%
1994 PF/C Croatia Dino Rađa
60%
2014 PG United States Kyrie Irving
60%
2006 PG Greece Theodoros Papaloukas
50%
1990 SF Brazil Oscar Schmidt
47%
2006 PF/C Spain Jorge Garbajosa
43%
1994 SG United States Reggie Miller
40%
1998 C Yugoslavia Željko Rebrača
40%
2010 PF Lithuania Linas Kleiza
37%
2014 PF United States Kenneth Faried
33%
1998 PF Italy Gregor Fučka
30%
2002 PF New Zealand Pero Cameron
30%
1998 SF Spain Alberto Herreros
23%
1994 PF United States Shawn Kemp
20%
1998 PG Russia Vasily Karasev
17%
1990 PG Puerto Rico Federico López
13%
1990 PG United States Kenny Anderson
13%
1994 PG Russia Sergei Bazarevich
10%
No matching quizzes found
Score Distribution
Percent of People with Each Score
Percentile by Number Answered
Your Score History
You have not taken this quiz since the last reset